000
00334nam a2200145Ia 4500
100
_a
Mike tooley ba
942
_c
BK
654
_a
electronics data books
245
_a
Everyday electronics data books
260
_b
BPB Publication
_a
New Delhi
_c
1990
082
_a
621.3843
_b
MEK
300
_a
250
546
_a
ENGLISH
999
_c
22557
_d
22557